Open Data Biblioteca Nacional de Portugal


República Portuguesa: Ministério da Cultura
Biblioteca Nacional de Portugal

Catálogo da BNP: acesso por Identificadores Unívocos
Registos Bibliográficos associados ao registo de autoridade

Etiqueta de registo: 00000nam 2200025 450
001 2062234
003 http://id.bnportugal.gov.pt/bib/catbnp/2062234
010 ## $a978-989-99985-6-8
021 ## $aPT$b476093/20
100 ## $a20201223d2020 m y0pory01030103ba
101 0# $apor
102 ## $aPT
105 ## $ay z 000yy
106 ## $ar
200 1# $a As 1001 crónicas$fSusana Ruth Vasques
205 ## $a1ª ed
210 #9 $a[S.l.]$cLer Devagar,$d2020
215 ## $a187, [2] p.$d19 cm
312 ## $aTít. capa: Crónicas, variações e fuga, 1970-2020
512 1# $aCrónicas, variações e fuga, 1970-2020
675 ## $a821.134.3-92"19/20"$vBN$zpor$3601405
700 #1 $aVasques,$bSusan Ruth$31799033
801 #0 $aPT$bBN$gRPC
856 41 $uhttp://rnod.bnportugal.gov.pt/ImagesBN/winlibimg.aspx?skey=&doc=2062234&img=147461&save=true
900 ## $aBIBNAC$d20210325
966 ## $lBN$mFGMON$sL. 116230 P.$x1
966 ## $lBN$mFGMON$sL. 116230 P.-D$x1

Etiqueta de registo: 00254nam 2200025 450
001 2283492
003 http://id.bnportugal.gov.pt/bib/catbnp/2283492
010 ## $a978-989-53610-3-8
021 ## $aPT$b519735/23
100 ## $a20260401d2023 m y0pory01030103ba
101 0# $apor
102 ## $aPT
105 ## $ay z 000yy
106 ## $ar
200 1# $a Os happy two$fSusana Ruth Vasques, Ramiro S. Osório.$c Os happy few$fRamiro S. Osório
205 ## $a1ª ed.
210 #9 $a[Lisboa]$cLer Devagar,$d2023
215 ## $a40, 150, p., pág converg.$d19 cm
225 2# $a O Iceberg Ramiro S. Osório
700 #1 $aVasques,$bSusan Ruth$31799033
701 #1 $aOsório,$bRamiro S.,$f1939-$4070$393136
801 #0 $aPT$bBN$gRPC
966 ## $lBN$mFGMON$x1
971 ## $cabrito$d20260401

OpendataBNP@bnportugal.pt | Mais informação sobre acesso aos dados BNP